<?xml version="1.0" encoding="UTF-8"?>
<record
    xmlns:xsi="http://www.w3.org/2001/XMLSchema-instance"
    xsi:schemaLocation="http://www.loc.gov/MARC21/slim http://www.loc.gov/standards/marcxml/schema/MARC21slim.xsd"
    xmlns="http://www.loc.gov/MARC21/slim">

  <leader>02636nam a2200373   4500</leader>
  <datafield tag="999" ind1=" " ind2=" ">
    <subfield code="c">14375</subfield>
    <subfield code="d">14375</subfield>
  </datafield>
  <controlfield tag="001">25100</controlfield>
  <controlfield tag="003">Biblioteca APEC</controlfield>
  <controlfield tag="005">20251014134037.0</controlfield>
  <controlfield tag="008">000000t2009    dr ||||| |||| 00| 0 spa d</controlfield>
  <datafield tag="040" ind1=" " ind2=" ">
    <subfield code="c">Biblioteca UNAPEC</subfield>
    <subfield code="a">Biblioteca UNAPEC</subfield>
    <subfield code="b">spa</subfield>
    <subfield code="e">rda</subfield>
  </datafield>
  <datafield tag="041" ind1=" " ind2=" ">
    <subfield code="a">spa</subfield>
  </datafield>
  <datafield tag="090" ind1=" " ind2=" ">
    <subfield code="a">TPG EEM-05 2009</subfield>
  </datafield>
  <datafield tag="100" ind1=" " ind2=" ">
    <subfield code="a">Suazo de los Santos, Marllelin</subfield>
    <subfield code="9">73597</subfield>
  </datafield>
  <datafield tag="245" ind1=" " ind2=" ">
    <subfield code="a">Evaluaci&#xF3;n de la comprensi&#xF3;n lectora en los alumnos de sexto grado de b&#xE1;sica en la escuela El Cacique, a&#xF1;o 2008-2009/</subfield>
    <subfield code="c">Marllelin Suazo de los Santos</subfield>
  </datafield>
  <datafield tag="260" ind1=" " ind2=" ">
    <subfield code="a">Santo Domingo :</subfield>
    <subfield code="b">UNAPEC,</subfield>
    <subfield code="c">2009</subfield>
  </datafield>
  <datafield tag="300" ind1=" " ind2=" ">
    <subfield code="a">73 h.</subfield>
    <subfield code="b">il.</subfield>
  </datafield>
  <datafield tag="500" ind1=" " ind2=" ">
    <subfield code="a">Tesis en Formato PDF.
Tesis en Formato Electr&#xF3;nico.
Tesis en formato digital.</subfield>
  </datafield>
  <datafield tag="502" ind1=" " ind2=" ">
    <subfield code="a">Trabajo final (Especialidad en la Ense&#xF1;anza del Espa&#xF1;ol con aplicaci&#xF3;n a la Lengua Materna) - Universidad APEC, 2009. 
CAMPUS I, Incluye CD-ROM</subfield>
  </datafield>
  <datafield tag="505" ind1=" " ind2=" ">
    <subfield code="a">INTRODUCCION, -Breve introducci&#xF3;n, -Hip&#xF3;tesis de partida, -Objetivos fundamentales, -Estado de la cuesti&#xF3;n, -Dificultades, -Descripci&#xF3;n del trabajo, MARCO TEORICO, -Estado de la cuesti&#xF3;n, -Planteamientos te&#xF3;ricos, -&#xBF;Qu&#xE9; es leer?, -Leer para aprender desde una explicaci&#xF3;n constructivista, -El proceso de lectura, -Lectura explorativa frente a lectura comprensiva, -Caracter&#xED;sticas de los lectores competentes, -La comprensi&#xF3;n lectora (conceptos generales), -Habilidades y procesos relacionados con ciertas claves, -Desarrollo de la habilidad lectora, -Modelos de comprensi&#xF3;n lectora, -Estrategias de de comprensi&#xF3;n lectora, -Enfoques de la ense&#xF1;anza de la lengua espa&#xF1;ola, -Ense&#xF1;anza de la comprensi&#xF3;n lectora, -Los educadores y la comprensi&#xF3;n lectora, -El curr&#xED;culo de Lengua Espa&#xF1;ola, -Evaluaci&#xF3;n de la comprensi&#xF3;n lectora, -Metodolog&#xED;a elegida, ANALISIS DEL CORPUS, -Recogida del Corpus, -Metodolog&#xED;a aplicada, -Resultado del an&#xE1;lisis, PROPUESTA DIDACTICA, -Descripci&#xF3;n de c&#xF3;mo cubrir esas necesidades, -Actividades</subfield>
  </datafield>
  <datafield tag="650" ind1=" " ind2=" ">
    <subfield code="a">Comprensi&#xF3;n de lectura</subfield>
    <subfield code="9">70467</subfield>
  </datafield>
  <datafield tag="650" ind1=" " ind2=" ">
    <subfield code="a">Dificultad en la lectura</subfield>
    <subfield code="9">21255</subfield>
  </datafield>
  <datafield tag="650" ind1=" " ind2=" ">
    <subfield code="a">Espa&#xF1;o</subfield>
    <subfield code="z">-Ense&#xF1;anza</subfield>
    <subfield code="9">73598</subfield>
  </datafield>
  <datafield tag="650" ind1=" " ind2=" ">
    <subfield code="a">Interpretaci&#xF3;n oral</subfield>
    <subfield code="9">21261</subfield>
  </datafield>
  <datafield tag="650" ind1=" " ind2=" ">
    <subfield code="a">Lectura</subfield>
    <subfield code="z">-Ense&#xF1;anza correctiva</subfield>
    <subfield code="9">70469</subfield>
  </datafield>
  <datafield tag="650" ind1=" " ind2=" ">
    <subfield code="a">Lectura oral</subfield>
    <subfield code="9">21263</subfield>
  </datafield>
  <datafield tag="650" ind1=" " ind2=" ">
    <subfield code="a">Lectura</subfield>
    <subfield code="z">-Pruebas de aptitud</subfield>
    <subfield code="9">70470</subfield>
  </datafield>
  <datafield tag="650" ind1=" " ind2=" ">
    <subfield code="a">Universidad APEC</subfield>
    <subfield code="z">-Tesis</subfield>
    <subfield code="9">73599</subfield>
  </datafield>
  <datafield tag="856" ind1=" " ind2=" ">
    <subfield code="u">https://bibliotecaunapec.blob.core.windows.net/tesis/TPG_CI_EEM_05_2009_CM5150.pdf</subfield>
    <subfield code="y">Hacer clic para ver el PDF (1.35 MB). Trabajo de posgrado.</subfield>
  </datafield>
  <datafield tag="942" ind1=" " ind2=" ">
    <subfield code="2">ddc</subfield>
    <subfield code="c">TES</subfield>
  </datafield>
  <datafield tag="336" ind1=" " ind2=" ">
    <subfield code="a">Texto</subfield>
    <subfield code="b">txt</subfield>
    <subfield code="2">rdacontent</subfield>
  </datafield>
  <datafield tag="337" ind1=" " ind2=" ">
    <subfield code="a">sin mediaci&#xF3;n</subfield>
    <subfield code="b">n</subfield>
    <subfield code="2">rdamedia</subfield>
  </datafield>
  <datafield tag="338" ind1=" " ind2=" ">
    <subfield code="a">volumen</subfield>
    <subfield code="b">nc</subfield>
    <subfield code="2">rdacarrier</subfield>
  </datafield>
  <datafield tag="072" ind1=" " ind2=" ">
    <subfield code="a">Facultad de Humanidades</subfield>
  </datafield>
</record>
